ՀՀ Գիտությունների ազգային ակադեմիայի հիմնարար գիտական գրադարան  =   Fundamental Scientific Library of NAS RA

Գիր եւ Կեանք : (Record no. 532922)

MARC details
000 -LEADER
fixed length control field 01037nam a2200241 a 4500
001 - CONTROL NUMBER
control field 001138144
003 - CONTROL NUMBER IDENTIFIER
control field AM-YEHGA
005 - DATE AND TIME OF LATEST TRANSACTION
control field 20250618080203.0
008 - FIXED-LENGTH DATA ELEMENTS--GENERAL INFORMATION
fixed length control field 160330s1925 ir |||||r||||||00|0|arm|d
040 ## - CATALOGING SOURCE
Original cataloging agency AM-YeHGA
041 0# - LANGUAGE CODE
Language code of text/sound track or separate title arm
090 ## - LOCALLY ASSIGNED LC-TYPE CALL NUMBER (OCLC); LOCAL CALL NUMBER (RLIN)
-- 571883
100 1# - MAIN ENTRY--PERSONAL NAME
Personal name Մալխասեան, Յովհաննէս
9 (RLIN) 8486
245 10 - TITLE STATEMENT
Title Գիր եւ Կեանք :
Remainder of title Դասագիրք հայոց լեզուի /
Statement of responsibility, etc. Յ. Մալխասեան ; Նար-Դոս.
260 ## - PUBLICATION, DISTRIBUTION, ETC.
Place of publication, distribution, etc. Նոր Ջուղա :
Name of publisher, distributor, etc. տպ. Ս. Ամենափրկիչ վանքի,
Date of publication, distribution, etc. 1925.
300 ## - PHYSICAL DESCRIPTION
Extent մաս
500 ## - GENERAL NOTE
General note Ա և Բ մասերը մեկ կազմում:
500 ## - GENERAL NOTE
General note Էդգ/805 գրքում կազմի վրա նշված է՝ Գիր եւ Կեանք : Դասագիրք հայոց լեզուի Բ․ Մաս, 1926, տպ. Ս. Ամենափրկիչ վանքի, Նոր -Ջուղա
505 10 - FORMATTED CONTENTS NOTE
Miscellaneous information Մ. Բ (1925 ; 256 էջ)
650 14 - SUBJECT ADDED ENTRY--TOPICAL TERM
Topical term or geographic name entry element Հայոց լեզու
Form subdivision Դասագրքեր
9 (RLIN) 4518
700 1# - ADDED ENTRY--PERSONAL NAME
Personal name Նար-Դոս,
Dates associated with a name 1867-1933
Relator term համահեղինակ
Relationship aut
9 (RLIN) 1453
942 ## - ADDED ENTRY ELEMENTS (KOHA)
Source of classification or shelving scheme Universal Decimal Classification
Koha item type Գրքեր / Books
Holdings
Withdrawn status Lost status Source of classification or shelving scheme Damaged status Not for loan Collection Home library Current library Date acquired Serial enumeration / chronology Total checkouts Full call number Barcode Date last seen Price effective from Koha item type Public note
    Universal Decimal Classification     Edgaryan Individual Collection Fundamental Scientific Library Fundamental Scientific Library 13/02/2025 Մ․ Բ   Էդգ/805 FL0689957 13/02/2025 13/02/2025 Գրքեր / Books ILL Non-Circ.


ՀՀ ԳԱԱ հիմնարար գիտական գրադարան
ՀՀ,Երևան 0019
Մարշալ Բաղրամյան 24/6
հեռախոս:(374-10) 52-47-50
Հետադարձ կապ

All site content, except where otherwise noted, is licensed under a
Creative Commons License